00598 2200217 4500001002100000005001700021008004100038020001800079035002400097043001200121082001100133090002200144100001800166245006500184250001700249260003000266300002700296504001700323650001900340999002100359YOGYA-0411000000128020110415084447.0 ind  a979-499-266-5 0010-041100000001280 aYOPDYOG a160.03 aDEP 160.03bThe K aTHE LIANG GIE aKamus logika ( dictionary of logic)cPenyususn The Liang Gie aEd.1bCet .1 aYogyakartabLibertyc2001 a320 hlm.bilus.c24 cm ahlm. 313-314 alokiga - kamus a1998-304 CB-D.11